000
00231nam a2200097Ia 4500
008
120527s9999 xx 000 0 und d
100
_a
DUTTA,A.C.
245
_a
Botany(for degree Students)
260
_b
Oxford Uni.Press
942
_c
BK
999
_c
23511
_d
23511